000 01137nasaa22002771a 4500
003 EG-GICUS
005 20260407123709.0
008 260407c20249999ua mr p 0 0ara d
040 _aEG-GICUS
_bara
_cEG-GiCUC
_drda
041 _aara
043 _aa-is---
049 _aإهداء
092 _a956.04
_bS5628
_221
099 _a956.04 S5628
245 0 2 _aشئون اسرائيلية /
_bالمركز القومي لدراسات الشرق الاوسط.
264 1 _aالقاهرة :
_bالمركز القومي لدراسات الشرق الاوسط،
_c2024-
300 _a:مجلد:
_bايضاحيات؛
_c30سم
321 _0شهرية
362 0 _aالعدد 1 (يناير 2024)-
541 _aإهداء
_d2025-04-07
_bالقاهرة
_c المركز القومي لدراسات الشرق الاوسط
650 7 _aالصراع العربى الاسرائيلى
_vدوريات
_2qrmak
650 7 _aالنزاع العربى الاسرائيلى
_vدوريات
_2qrmak
710 2 _aمركز القومي لدراسات الشرق الاوسط (مصر،القاهرة)
905 _aAbeer
_eAbeer
942 _n0
_cCR
999 _c179258
_d179258